| 000 | 00790nas a2200253 4500 | ||
|---|---|---|---|
| 001 | BR8100169 | ||
| 003 | BR-BrBNA | ||
| 005 | 20231205084447.0 | ||
| 007 | ta | ||
| 008 | 230509b bl.|||p| |||| 00| 00por d | ||
| 040 |
_aBR-BrBNA _bpor _cBiblioteca Nacional de Agricultura |
||
| 041 | _a(Pt) | ||
| 072 | _aF40 | ||
| 100 | 1 | _aSchneider, P.R. | |
| 100 | 1 | _aSilva, J.A. da | |
| 245 | 1 | _aIndice de sitio para acacia negra, Acacia mearnsii de Wild | |
| 246 | 1 | _a[Site index curve for black wattle, Acacia mearnsii de Wild] | |
| 650 | _aEcologia vegetal | ||
| 650 | _aAcacia negra | ||
| 650 | _aEcologia florestal | ||
| 773 | 0 |
_tBrasil Florestal (Brazil) _xISSN 0045-270X _g(Apr 1980), v. 10(42) p. 53-58 _wBR8100169 |
|
| 909 |
_a202311 _bLúcia _c55 _dLúcia Elande |
||
| 942 |
_2AGRIS _n0 _cANA |
||
| 999 |
_c105384 _d105384 |
||